| 000 | 00848nam a22002417a 4500 | ||
|---|---|---|---|
| 999 |
_c3960 _d3960 |
||
| 001 | 8919 | ||
| 003 | BD-DhUAP | ||
| 005 | 20200315163916.0 | ||
| 008 | 200315r20051997nyua|||| |||| 001 0 eng d | ||
| 020 | _a0521559286 | ||
| 040 |
_aBD-DhUAP _bEng _cBD-DhUAP _dBD-DhUAP |
||
| 082 |
_223 _a428.24 MUR |
||
| 100 | _aMurphy, Raymond. | ||
| 245 |
_aEssential grammar in use : _ba self-study reference and practice book for elementary students of English : with answer / _cRaymond Murphy. |
||
| 250 | _a2nd ed. | ||
| 260 |
_aCambridge : _bCambridge University Press, _cc1997 [Reprinted 2005]. |
||
| 300 |
_a300 pages : _billustrations ; _c25 cm. |
||
| 500 | _aIncludes index. | ||
| 650 |
_aEnglish language _vGrammar. |
||
| 650 | _aEnglish language. | ||
| 650 |
_aEnglish language _vStudy and teaching (Elementary) _xForeign speakers. |
||
| 942 |
_2ddc _cBK |
||